|
|
|
|
| LEADER |
00760nab a2200193 i 4500 |
| 001 |
misc8827 |
| 005 |
20191106143734.0 |
| 008 |
170607s1911 hu o 0|| hun d |
| 022 |
|
|
|a 0025-0260
|
| 040 |
|
|
|a SZTE Miscellanea Repozitórium
|b hun
|
| 041 |
|
|
|a hun
|
| 100 |
1 |
|
|a Kelemen Ignác
|
| 245 |
1 |
0 |
|a Statisztikai adatok New-York [! New York] közoktatásügyéről
|h [elektronikus dokumentum] :
|b [lapszemle] /
|c Kelemen Ignác
|
| 260 |
|
|
|c 1911
|
| 300 |
|
|
|a 312-313
|
| 490 |
0 |
|
|a Magyar pedagógia : a Magyar Tudományos Akadémia Pedagógiai Bizottságának folyóirata
|v 20
|
| 695 |
|
|
|a Oktatásügy USA külföldi irodalom, Lapszemle
|
| 700 |
0 |
1 |
|a Maxwell William H.
|e aut
|
| 856 |
4 |
0 |
|u http://misc.bibl.u-szeged.hu/8827/1/mp_1911_1654_312-313.pdf
|z Dokumentum-elérés
|